000 00597nam a22002297a 4500
003 UA-OsUOA
001 101214
007 ta
008 20130610b un ||||| |||| 00| 0 ukr d
100 _aРайков Д.
090 _a517
_bР18
942 _cBK
040 _aUA-OsUOA
_brus
_cUA-OsUOA
_dUA-OsUOA
245 _aОдномерный математический анализ
_bучебное пособие
300 _a414 с.
955 _a2
041 _arus
080 _a517
260 _aМ.
_bВысшая школа
_c1982
650 7 _a517 Аналіз
_2UDC
999 _c387930
_d387930